|
|
|
|
| LEADER |
01160nam a22003012a 4500 |
| 001 |
000232225 |
| 003 |
CZ BrMZK |
| 005 |
20121113120432.0 |
| 007 |
ta |
| 008 |
950101s1974 xr af f 000 0 cze d |
| 015 |
|
|
|a cnb000464226
|
| 035 |
|
|
|a (OCoLC)42088290
|
| 040 |
|
|
|a ABA001
|b cze
|c OLA001
|d ABA001
|d BOA001
|
| 041 |
1 |
|
|a cze
|a fre
|h srp
|
| 080 |
9 |
|
|a 73/76(497.1 Srbsko)"11/17"(069)
|
| 245 |
0 |
0 |
|a Staré srbské umění 12.-18. století ze sbírek Národního muzea v Bělehradě :
|b katalog výstavy, Praha, Národní galerie, Valdštejnská jízdárna, květen-červen 1974 /
|c úvod Desanka Miloševičová
|
| 260 |
|
|
|a Praha :
|b Národní galerie,
|c 1974
|
| 300 |
|
|
|a 81 s., obr. příl. :
|b il. ;
|c 8°
|
| 490 |
1 |
|
|a Profily a přehledy ;
|v sv. 20
|
| 500 |
|
|
|a Část. přeloženo ze srbštiny
|
| 546 |
|
|
|a Souběžný francouzský text
|
| 700 |
1 |
|
|a Milošević, Desanka
|4 wfw
|
| 710 |
2 |
|
|a Valdštejnská jízdárna
|7 mzk2007378430
|
| 830 |
|
0 |
|a Profily a přehledy
|0 s
|
| 910 |
|
|
|a BOA001
|b 2-0720.539
|
| 990 |
|
|
|a BK
|
| 991 |
|
|
|b 201211
|
| 996 |
7 |
|
|b 2619897387
|c 2-0720.539
|l Sklad H1
|r Sklad / do 24 hodin
|n 2
|h HS212
|w 000232225
|u 000010
|a 1
|e BOA001
|j MZK50
|s A
|